Pozyskiwanie wiedzy z baz danych materialy na konferencje naukowa ... . Rzeczka, 8-10 maja 1998

Salvato in:
Dettagli Bibliografici
Altri autori: Baborski, Andrzej
Natura: Libro
Lingua:polacco
inglese
Pubblicazione: Wroclaw Wydawnictwo Akademii Ekonomicznej im. Oskara Langego we Wroclawiu 1998
Serie:Materialy konferencyjne Prace naukowe nr. 787
Soggetti:
Tags: Aggiungi Tag
Nessun Tag, puoi essere il primo ad aggiungerne!!

MARC

LEADER 00000nam a2200000 4500
001 c103079
005 20221109094146.8
022 |a 0324-8445 
041 0 |a pol 
041 0 |a eng 
044 |a PL 
245 1 0 |a Pozyskiwanie wiedzy z baz danych  |b materialy na konferencje naukowa ... . Rzeczka, 8-10 maja 1998  |c Redaktor naukowy: Andrzej Baborski 
264 1 |a Wroclaw  |b Wydawnictwo Akademii Ekonomicznej im. Oskara Langego we Wroclawiu  |c 1998 
300 |a 288 s. 
490 1 |a Materialy konferencyjne  |v Prace naukowe nr. 787 
830 0 |a Materialy konferencyjne  |v Prace naukowe nr. 787 
610 2 0 |a báza dát 
610 2 0 |a informácie 
610 2 0 |a systémy informačné 
610 2 0 |a informácie ekonomické 
610 2 0 |a siete neurónové 
610 2 0 |a programovanie 
610 2 0 |a modelovanie 
610 2 0 |a siete počítačové 
700 1 |a Baborski, Andrzej